000 00470nam a2200181Ia 4500
001 9500
005 20260306161723.0
008 260306t2021||||xx |||||||||||||| ||spa||
041 _aESP
082 _a379.85
_bC265
100 _aConsorcio de Centros Educativos Católicos del Perú
_eAUT
245 0 _aPacto educativo global proyecto Perú 2021
260 _c2021
300 _a46 páginas :
_c29 cm.
650 _aGEN
654 _aCED
942 _cLIB
_dJUS
_fJUS
_2ddc
_n
999 _c9500
_d9500